[Event "Zonal 1.4 (w) prel A"]
[Site "Timisoara ROM"]
[Date "1993.03.??"]
[Round "7"]
[White "Ionescu-Ilie, Viorica"]
[Black "Chilingirova, Pavlina"]
[Result "1-0"]
[WhiteElo "2150"]
[BlackElo "2250"]
[EventDate "1993.03.20"]
[PlyCount "123"]

1.d4 d6 2.c4 e5 3.Nf3 e4 4.Ng5 f5 5.Nc3 c6 6.Nh3 Nf6 7.Bg5 Be7 8.e3 O-O 9.
Nf4 Na6 10.Be2 Nc7 11.h4 Ne6 12.Qb3 Nxf4 13.Bxf4 Qb6 14.O-O Qxb3 15.axb3 
Be6 16.b4 a6 17.Ra5 Rac8 18.b5 axb5 19.cxb5 Nd5 20.Nxd5 Bxd5 21.bxc6 bxc6 
22.Ra7 Rfe8 23.b4 Bf8 24.b5 cxb5 25.Bxb5 Ra8 26.Rc7 Rec8 27.Rxc8 Rxc8 28.
Bd7 Rd8 29.Bxf5 g6 30.Bg4 h5 31.Be2 Be7 32.Bg3 Bf7 33.Rc1 Bd5 34.Rc7 Kf7 
35.Bf4 Ke6 36.g4 Bxh4 37.gxh5 gxh5 38.Bxh5 Rg8+ 39.Kh2 Be7 40.Be2 Bb3 41.
Rb7 Bd5 42.Ra7 Ra8 43.Bg4+ Kf6 44.Rxa8 Bxa8 45.Kg3 Bd5 46.Bd7 Kf7 47.Ba4 
Bc4 48.Bc2 d5 49.Bd1 Bb4 50.Kg4 Ke6 51.Kg5 Bb5 52.Bg4+ Ke7 53.Kg6 Be8+ 54.
Kg7 Bd7 55.Bg5+ Kd6 56.Bh5 Be6 57.Kf6 Bd7 58.Bf4+ Kc6 59.Bd1 Kb5 60.Bb3 
Bc6 61.Ke5 Be1 62.Bg3 1-0

[Event "Zonal 1.4 (w) prel A"]
[Site "Timisoara ROM"]
[Date "1993.03.??"]
[Round "7"]
[White "Peptan, Corina-Isabela"]
[Black "Bednarska, Malgorzata"]
[Result "1-0"]
[WhiteElo "2355"]
[BlackElo "2180"]
[EventDate "1993.03.20"]
[PlyCount "103"]

1.e4 c5 2.c3 d5 3.exd5 Qxd5 4.d4 Nf6 5.Nf3 e6 6.Bd3 Be7 7.O-O O-O 8.Qe2 
cxd4 9.cxd4 Nc6 10.Rd1 Nb4 11.Nc3 Qh5 12.Bc4 b6 13.d5 Bc5 14.dxe6 Bxe6 15.
Bxe6 Rae8 16.Bf4 Rxe6 17.Qc4 b5 18.Qb3 Qg4 19.Bg3 Nh5 20.Nxb5 Nxg3 21.hxg3
Nc6 22.Rac1 Bb6 23.Qc4 Qxg3 24.Nbd4 Nxd4 25.Rxd4 Qg6 26.Rg4 Qf6 27.b3 Rd8 
28.Rf4 Qe7 29.Nd4 Bxd4 30.Rxd4 Re1+ 31.Rxe1 Qxe1+ 32.Kh2 Qe5+ 33.Rf4 g5 
34.Qxf7+ Kh8 35.Qf6+ Qxf6 36.Rxf6 Rd2 37.a4 Rb2 38.Rf7 a5 39.Rf5 Rxb3 40.
Rxg5 Rb2 41.f3 h6 42.Rxa5 Kg7 43.Rb5 Ra2 44.Rb4 Kg6 45.Kg3 Kg5 46.Rb5+ Kf6
47.a5 Kg7 48.Kh3 Kg6 49.g4 Ra3 50.Kg3 Ra4 51.Rb6+ Kg7 52.a6 1-0

[Event "Zonal 1.4 (w) prel A"]
[Site "Timisoara ROM"]
[Date "1993.03.??"]
[Round "8"]
[White "Chilingirova, Pavlina"]
[Black "Brustman, Agnieszka"]
[Result "1/2-1/2"]
[WhiteElo "2250"]
[BlackElo "2300"]
[EventDate "1993.03.20"]
[PlyCount "113"]

1.g3 Nf6 2.Bg2 g6 3.d4 d5 4.c4 dxc4 5.Nf3 Bg7 6.Na3 c3 7.bxc3 O-O 8.O-O c5
9.Nc4 Nc6 10.Bb2 Be6 11.Nfe5 Nd5 12.e4 Nb6 13.Nxc6 bxc6 14.Na5 Nc4 15.Nxc6
Qc7 16.Qe2 Nxb2 17.Qxb2 Qxc6 18.d5 Qb6 19.Qxb6 axb6 20.dxe6 Bxc3 21.exf7+ 
Kxf7 22.Rac1 Bd4 23.Rc2 b5 24.Rb1 Kg7 25.Bh3 Ra6 26.Bd7 Raf6 27.Rf1 Rb6 
28.Kg2 Rd8 29.Bg4 Ra8 30.Be2 Ra5 31.Rb1 c4 32.Bd1 e5 33.Kf1 Rba6 34.Ke2 
Rxa2 35.Rxb5 Rxc2+ 36.Bxc2 Ra2 37.Kd2 c3+ 38.Kd3 Ra1 39.f4 Kf6 40.g4 h6 
41.h4 g5 42.fxe5+ Bxe5 43.Rb6+ Kg7 44.Re6 Ra5 45.h5 Bf6 46.Bb3 Re5 47.Rb6 
Re7 48.Bd5 Rc7 49.Kc2 Ra7 50.Rb8 Re7 51.Rg8+ Kh7 52.Rg6 Bg7 53.Ra6 Be5 54.
Kd3 Rc7 55.Kc2 Re7 56.Be6 Kg7 57.Bd5 1/2-1/2

[Event "Zonal 1.4 (w) prel A"]
[Site "Timisoara ROM"]
[Date "1993.03.??"]
[Round "8"]
[White "Horvath, Julia"]
[Black "Ionescu-Ilie, Viorica"]
[Result "1/2-1/2"]
[WhiteElo "2265"]
[BlackElo "2150"]
[EventDate "1993.03.20"]
[PlyCount "109"]

1.d4 d6 2.c4 f5 3.g3 g6 4.Bg2 Bg7 5.Nf3 Nf6 6.O-O O-O 7.Nc3 Qe8 8.d5 Na6 
9.Nd4 Bd7 10.b3 c6 11.Bb2 Nc7 12.Rc1 c5 13.Nf3 Rb8 14.Qc2 a6 15.Nd2 g5 16.
e3 f4 17.exf4 gxf4 18.Nce4 Qh5 19.Bxf6 Bxf6 20.Nxf6+ Rxf6 21.Qe4 e5 22.Rc3
Rbf8 23.Bf3 Qf7 24.Qe2 Qg7 25.Ne4 Rh6 26.Rfc1 Ne8 27.a3 Qg6 28.b4 b6 29.
bxc5 bxc5 30.Rb3 Ng7 31.Rb6 Nf5 32.Rd1 Qg7 33.Rxa6 Qe7 34.Qd3 Rg6 35.Kh1 
Nd4 36.Bh5 Rh6 37.g4 f3 38.Qe3 Qg7 39.Rg1 Kh8 40.Nxc5 Bc8 41.Rb6 Ne2 42.
Ne6 Bxe6 43.Rb7 Qxb7 44.Qxh6 Qg7 45.Qxg7+ Kxg7 46.dxe6 Kf6 47.g5+ Kxe6 48.
Bg4+ Ke7 49.Rb1 Rf4 50.h3 Kf7 51.Bh5+ Ke6 52.Bg4+ Kf7 53.Bh5+ Ke6 54.Bg4+ 
Kf7 55.Bh5+ 1/2-1/2

[Event "Zonal 1.4 (w) prel A"]
[Site "Timisoara ROM"]
[Date "1993.03.??"]
[Round "8"]
[White "Holoubkova, Martina"]
[Black "Foisor, Cristina"]
[Result "0-1"]
[WhiteElo "2185"]
[BlackElo "2350"]
[EventDate "1993.03.20"]
[PlyCount "120"]

1.e4 g6 2.d4 Bg7 3.Nf3 d6 4.Bd3 c5 5.c3 Nc6 6.d5 Nb8 7.O-O Nd7 8.Bf4 Ngf6 
9.Qd2 O-O 10.Bh6 c4 11.Bxg7 Kxg7 12.Bxc4 Nxe4 13.Qd4+ Nef6 14.Nbd2 Qb6 15.
Bb3 Qxd4 16.Nxd4 Nc5 17.c4 Nxb3 18.axb3 Bd7 19.Rfe1 Rfe8 20.Ne4 Nxe4 21.
Rxe4 a5 22.Rae1 Kf8 23.Rh4 h5 24.Rf4 Ra6 25.h3 Rb6 26.Re3 a4 27.Ref3 f6 
28.Rh4 Kf7 29.g4 Rh8 30.gxh5 Rxh5 31.Rxh5 gxh5 32.Kg2 Rb4 33.Rc3 axb3 34.
Nxb3 Ba4 35.Nd4 Rxb2 36.Kg3 Bd7 37.f4 Rb1 38.Kh4 Rf1 39.Rf3 Rc1 40.Kxh5 
Rxc4 41.Ne6 Rc8 42.f5 Ba4 43.Kh4 b5 44.Kg3 Bd1 45.Rf1 Bb3 46.Nf4 Rg8+ 47.
Kh4 Bc2 48.Ne6 b4 49.Nd4 Be4 50.Nc6 Bxd5 51.Nxb4 Be4 52.Rf4 d5 53.Nc6 Rc8 
54.Na5 Rc3 55.Rf2 Ke8 56.Kg4 Kd7 57.h4 Kc7 58.Rb2 d4 59.Rb4 Bd5 60.Rxd4 
Rc5 0-1

[Event "Zonal 1.4 (w) prel A"]
[Site "Timisoara ROM"]
[Date "1993.03.??"]
[Round "9"]
[White "Brustman, Agnieszka"]
[Black "Horvath, Julia"]
[Result "1/2-1/2"]
[WhiteElo "2300"]
[BlackElo "2265"]
[EventDate "1993.03.20"]
[PlyCount "104"]

1.e4 c6 2.d4 d5 3.Nd2 dxe4 4.Nxe4 Nd7 5.Bc4 Ndf6 6.Nxf6+ Nxf6 7.c3 g6 8.
Qb3 Nd5 9.Nf3 Bg7 10.O-O O-O 11.Re1 Qd6 12.Bg5 Re8 13.Bh4 b6 14.Bg3 Qd8 
15.Ne5 Bb7 16.a4 a5 17.Rad1 e6 18.Qc2 Qc8 19.Qe2 f6 20.Nf3 Ba6 21.Nd2 Bxc4
22.Qxc4 Qd7 23.Qb3 f5 24.Be5 Bxe5 25.Rxe5 b5 26.Ra1 Rab8 27.Qc2 bxa4 28.
Nc4 c5 29.dxc5 Rec8 30.Qxa4 Qxa4 31.Rxa4 Rxc5 32.g3 Kf7 33.f4 Kf6 34.Kf2 
h6 35.h4 Rc6 36.Re2 Nb6 37.Nxb6 Rcxb6 38.Ra2 Rb5 39.Ke1 g5 40.hxg5+ hxg5 
41.fxg5+ Kxg5 42.Rxe6 Rxb2 43.Re2 Rxa2 44.Rxa2 Rb5 45.Ra4 Rb2 46.Rxa5 Rg2 
47.Ra8 Rxg3 48.Rg8+ Kf4 49.Rxg3 Kxg3 50.Kf1 Kf3 51.c4 Ke4 52.Kf2 Kd4 
1/2-1/2

[Event "Zonal 1.4 (w) prel A"]
[Site "Timisoara ROM"]
[Date "1993.03.??"]
[Round "9"]
[White "Foisor, Cristina"]
[Black "Bednarska, Malgorzata"]
[Result "1-0"]
[WhiteElo "2350"]
[BlackElo "2180"]
[EventDate "1993.03.20"]
[PlyCount "117"]

1.g3 g6 2.Bg2 Bg7 3.c4 c5 4.Nc3 Nc6 5.Nf3 b6 6.O-O Bb7 7.a3 Nh6 8.Rb1 O-O 
9.d3 Nf5 10.e3 e6 11.Ne2 Qc7 12.b4 d6 13.Bd2 Ne5 14.Nxe5 Bxg2 15.Kxg2 dxe5
16.e4 Ne7 17.bxc5 Qxc5 18.Bb4 Qc7 19.Qb3 Rfd8 20.Bxe7 Qxe7 21.Rfd1 Bf8 22.
a4 Qa3 23.Nc1 Rac8 24.Qxa3 Bxa3 25.Nb3 Rd6 26.Kf1 Rcd8 27.Ke2 Bb4 28.f3 g5
29.Na1 Bc5 30.Nc2 a5 31.Rb5 f6 32.Na1 Rc6 33.Nb3 Bb4 34.Nc1 Kf7 35.Na2 Bc5
36.Rbb1 Ke7 37.Nc3 Bd4 38.Nb5 Bc5 39.g4 h5 40.h4 hxg4 41.fxg4 gxh4 42.Rh1 
Rh8 43.Rh3 Kf7 44.Rbh1 Kg6 45.Rxh4 Rxh4 46.Rxh4 Rc8 47.Rh1 Re8 48.Nc3 Bd4 
49.Nb1 Kg5 50.Kf3 Kg6 51.Nd2 Rd8 52.Ke2 Bc5 53.Nf3 Be7 54.g5 fxg5 55.Nxe5+
Kf6 56.Nc6 Re8 57.Rh6+ Kf7 58.Ne5+ Kf8 59.Rh8+ 1-0

[Event "Zonal 1.4 (w) prel A"]
[Site "Timisoara ROM"]
[Date "1993.03.??"]
[Round "9"]
[White "Peptan, Corina-Isabela"]
[Black "Chilingirova, Pavlina"]
[Result "1-0"]
[WhiteElo "2355"]
[BlackElo "2250"]
[EventDate "1993.03.20"]
[PlyCount "81"]

1.e4 c5 2.Nf3 d6 3.c3 Nf6 4.h3 Nbd7 5.Bd3 a6 6.Bc2 c4 7.a4 Qa5 8.O-O b5 9.
Qe2 Bb7 10.d4 cxd3 11.Bxd3 Nc5 12.b4 Qd8 13.bxc5 bxa4 14.cxd6 exd6 15.e5 
dxe5 16.Qxe5+ Be7 17.Ba3 Bxf3 18.gxf3 Ra7 19.Re1 h5 20.Bxe7 Rxe7 21.Qxe7+ 
Qxe7 22.Rxe7+ Kxe7 23.Rxa4 Rd8 24.Rd4 Rb8 25.Nd2 a5 26.Kf1 Nd7 27.Ke2 Nc5 
28.Rd5 Rc8 29.Ne4 Ne6 30.Rxa5 g6 31.Ra7+ Kf8 32.Rxf7+ Kg8 33.Rf6 Nf8 34.c4
Kg7 35.Rd6 Re8 36.c5 Ne6 37.Bb5 Nf4+ 38.Ke3 Ng2+ 39.Kd4 Rb8 40.c6 Rxb5 41.
c7 1-0

[Event "Zonal 1.4 (w) prel B"]
[Site "Timisoara ROM"]
[Date "1993.03.??"]
[Round "1"]
[White "Radu, Elena-Luminita"]
[Black "Veroci, Zsuzsa"]
[Result "1/2-1/2"]
[WhiteElo "2230"]
[BlackElo "2325"]
[EventDate "1993.03.20"]
[PlyCount "32"]

1.e4 c5 2.Nf3 e6 3.Nc3 a6 4.g3 b5 5.Bg2 Bb7 6.d3 d6 7.O-O Nd7 8.a3 Be7 9.
Bd2 Qc7 10.Qe2 Ngf6 11.h3 Rc8 12.Nh2 Ne5 13.f4 Nc6 14.Be3 Nd4 15.Qf2 O-O 
16.g4 Nd7 1/2-1/2

[Event "Zonal 1.4 (w) prel B"]
[Site "Timisoara ROM"]
[Date "1993.03.??"]
[Round "1"]
[White "Csoke, Adrienn"]
[Black "Velcheva, Maria"]
[Result "1-0"]
[WhiteElo "2210"]
[BlackElo "2150"]
[EventDate "1993.03.20"]
[PlyCount "65"]

1.e4 c5 2.Nf3 d6 3.d4 cxd4 4.Nxd4 Nf6 5.Nc3 g6 6.Be3 Bg7 7.f3 O-O 8.Qd2 
Nc6 9.Bc4 Nd7 10.h4 Nb6 11.Bb3 Na5 12.Qd3 Bd7 13.h5 Rc8 14.hxg6 hxg6 15.
O-O-O Nbc4 16.Bh6 e5 17.Bxg7 Kxg7 18.Nde2 b5 19.g3 b4 20.Nd5 Bb5 21.Rh2 
Rh8 22.Rdh1 Rxh2 23.Rxh2 Qg5+ 24.f4 Qg4 25.Rh7+ Kxh7 26.Nf6+ Kg7 27.Nxg4 
Na3 28.Qxd6 Nxb3+ 29.Kd1 Bxe2+ 30.Kxe2 Rxc2+ 31.Ke1 Rc1+ 32.Kf2 Rc2+ 33.
Kg1 1-0

[Event "Zonal 1.4 (w) prel B"]
[Site "Timisoara ROM"]
[Date "1993.03.??"]
[Round "1"]
[White "Nutu-Gajic, Daniela"]
[Black "Baciu-Ionescu, Anca-Otilia"]
[Result "1-0"]
[WhiteElo "2355"]
[BlackElo "2160"]
[EventDate "1993.03.20"]
[PlyCount "43"]

1.d4 d5 2.c4 e6 3.Nc3 Be7 4.Nf3 Nf6 5.Bg5 h6 6.Bxf6 Bxf6 7.Qb3 dxc4 8.Qxc4
O-O 9.e4 b6 10.O-O-O Bb7 11.h4 c5 12.e5 Be7 13.d5 exd5 14.Nxd5 Bxd5 15.
Rxd5 Qc8 16.Bd3 Nc6 17.Qe4 f5 18.exf6 Rxf6 19.Qh7+ Kf7 20.Bc4 b5 21.Rd8+ 
bxc4 22.Qg8+ 1-0

[Event "Zonal 1.4 (w) prel B"]
[Site "Timisoara ROM"]
[Date "1993.03.??"]
[Round "1"]
[White "Voiska, Margarita"]
[Black "Bobrowska, Monika"]
[Result "1-0"]
[WhiteElo "2305"]
[BlackElo "2210"]
[EventDate "1993.03.20"]
[PlyCount "115"]

1.d4 Nf6 2.c4 g6 3.Nf3 Bg7 4.g3 O-O 5.Bg2 d6 6.O-O c6 7.Nc3 Bf5 8.Ne1 Na6 
9.e4 Bg4 10.Qb3 Rb8 11.Nd3 c5 12.d5 Nc7 13.h3 Bd7 14.a4 b6 15.Re1 h6 16.
Nb5 a6 17.Nxc7 Qxc7 18.e5 dxe5 19.Nxe5 Nh5 20.Nxd7 Qxd7 21.g4 Nf6 22.Bf4 
Rbc8 23.Qxb6 g5 24.Be3 Qd6 25.Qxd6 exd6 26.f4 Nd7 27.fxg5 hxg5 28.Bxg5 
Bxb2 29.Rab1 Bd4+ 30.Kh1 Ne5 31.Be7 Rfe8 32.Bxd6 Nxc4 33.Bf4 Rxe1+ 34.Rxe1
Nb2 35.d6 Rd8 36.Re7 Bf6 37.Rc7 Nd3 38.Bg3 Re8 39.d7 Rd8 40.Rc8 Kg7 41.Bc6
Nb4 42.Be5 Nxc6 43.Bxf6+ Kxf6 44.Rxc6+ Ke7 45.Rxc5 Rxd7 46.Rc6 Ra7 47.a5 
Kf8 48.Kg2 Kg7 49.Kf3 Ra8 50.g5 Ra7 51.h4 Kh7 52.Kf4 Kg7 53.Kf5 Ra8 54.h5 
Ra7 55.h6+ Kg8 56.Kf6 Kh7 57.Rb6 Ra8 58.Rb7 1-0

[Event "Zonal 1.4 (w) prel B"]
[Site "Timisoara ROM"]
[Date "1993.03.??"]
[Round "2"]
[White "Baciu-Ionescu, Anca-Otilia"]
[Black "Radu, Elena-Luminita"]
[Result "0-1"]
[WhiteElo "2160"]
[BlackElo "2230"]
[EventDate "1993.03.20"]
[PlyCount "84"]

1.e4 e6 2.d4 d5 3.Nd2 Nf6 4.e5 Nfd7 5.c3 c5 6.Bd3 Nc6 7.Ne2 cxd4 8.cxd4 f6
9.exf6 Nxf6 10.Nf3 Qc7 11.O-O Bd6 12.g3 O-O 13.Bf4 Bd7 14.Qd2 Nh5 15.Bxd6 
Qxd6 16.Qg5 Be8 17.Ne5 Nf6 18.Rfe1 Ne4 19.Bxe4 dxe4 20.Rad1 h6 21.Qg4 Nxe5
22.dxe5 Qxe5 23.Nd4 Bh5 24.Qxe6+ Qxe6 25.Nxe6 Rf6 26.Nc7 Bxd1 27.Nxa8 Bf3 
28.Nc7 Rc6 29.Nb5 Rc2 30.Rb1 Rd2 31.Nxa7 e3 32.fxe3 Rg2+ 33.Kf1 Rxh2 34.
Re1 Rxb2 35.a4 Bg2+ 36.Kg1 Be4 37.Nb5 Rg2+ 38.Kf1 Rxg3 39.Nc3 Bc6 40.Ke2 
Rg4 41.Rb1 h5 42.Kd3 Bg2 0-1

[Event "Zonal 1.4 (w) prel B"]
[Site "Timisoara ROM"]
[Date "1993.03.??"]
[Round "2"]
[White "Zimmersmann, Rita"]
[Black "Nutu-Gajic, Daniela"]
[Result "1-0"]
[WhiteElo "2255"]
[BlackElo "2355"]
[EventDate "1993.03.20"]
[PlyCount "123"]

1.e4 c5 2.Nf3 d6 3.d4 Nf6 4.Nc3 cxd4 5.Nxd4 a6 6.f4 e6 7.Qf3 Qb6 8.Nb3 Qc7
9.Bd3 b5 10.g4 b4 11.Ne2 d5 12.e5 Ne4 13.Be3 Nd7 14.Ng3 Nec5 15.O-O Bb7 
16.Bd4 Nxb3 17.axb3 Nc5 18.Qe3 g6 19.f5 Rc8 20.fxe6 Nxe6 21.c3 Qd7 22.Bxa6
Nxd4 23.cxd4 Bg7 24.e6 Qxe6 25.Qxe6+ fxe6 26.Bxb7 Bxd4+ 27.Kh1 Rc7 28.Ba6 
Bxb2 29.Rae1 Ke7 30.Ne2 Kd6 31.Rb1 Be5 32.Rbc1 Rxc1 33.Rxc1 Ra8 34.Bb5 Ra2
35.Rc6+ Ke7 36.Ra6 Rb2 37.Ra7+ Kf6 38.Rxh7 Rxb3 39.Kg2 Ra3 40.Rb7 b3 41.
Bd3 b2 42.Bc2 Re3 43.Ng1 g5 44.Bh7 Re1 45.Nf3 Rd1 46.h4 Bf4 47.hxg5+ Bxg5 
48.Rxb2 Ra1 49.Bg8 Ra4 50.Kg3 Bf4+ 51.Kh4 Ra8 52.Bh7 Ra4 53.Kh5 Ra1 54.g5+
Bxg5 55.Nxg5 Rh1+ 56.Kg4 Rg1+ 57.Kh4 Rh1+ 58.Nh3 e5 59.Rb6+ Ke7 60.Bf5 e4 
61.Kg5 Ra1 62.Kf4 1-0

[Event "Zonal 1.4 (w) prel B"]
[Site "Timisoara ROM"]
[Date "1993.03.??"]
[Round "2"]
[White "Veroci, Zsuzsa"]
[Black "Csoke, Adrienn"]
[Result "1/2-1/2"]
[WhiteElo "2325"]
[BlackElo "2210"]
[EventDate "1993.03.20"]
[PlyCount "39"]

1.e4 c5 2.c3 d6 3.d4 Nf6 4.Bd3 g6 5.h3 Bg7 6.Nf3 O-O 7.O-O Nfd7 8.Be3 Nc6 
9.Nbd2 b6 10.d5 Nce5 11.Nxe5 dxe5 12.b4 cxb4 13.cxb4 f5 14.f3 Nf6 15.Qb3 
Kh8 16.a4 e6 17.dxe6 Bxe6 18.Bc4 Bxc4 19.Nxc4 fxe4 20.fxe4 1/2-1/2

[Event "Zonal 1.4 (w) prel B"]
[Site "Timisoara ROM"]
[Date "1993.03.??"]
[Round "2"]
[White "Voiska, Margarita"]
[Black "Kubikova, Hana"]
[Result "1-0"]
[WhiteElo "2305"]
[BlackElo "2290"]
[EventDate "1993.03.20"]
[PlyCount "79"]

1.Nf3 Nf6 2.g3 g6 3.Bg2 Bg7 4.O-O O-O 5.c4 d6 6.d4 c6 7.Nc3 Bf5 8.Nh4 Be6 
9.Qd3 Qd7 10.e4 Bh3 11.Nf3 Bxg2 12.Kxg2 Na6 13.a3 e6 14.Re1 Rad8 15.Bg5 h6
16.Bd2 d5 17.cxd5 exd5 18.e5 Nh7 19.Nh4 Nc7 20.f4 Rfe8 21.f5 Ng5 22.f6 
Qh3+ 23.Kg1 Bh8 24.Bxg5 hxg5 25.Nxg6 Ne6 26.Ne7+ Kf8 27.Nd1 Nf4 28.Qd2 Ne6
29.Nf2 Qh5 30.Rad1 g4 31.Kg2 Ng5 32.Qf4 Nf3 33.Rh1 c5 34.h3 Nh4+ 35.gxh4 
gxh3+ 36.Kxh3 Rxe7 37.fxe7+ Kxe7 38.Qg5+ Qxg5 39.hxg5 cxd4 40.Nd3 1-0

[Event "Zonal 1.4 (w) prel B"]
[Site "Timisoara ROM"]
[Date "1993.03.??"]
[Round "3"]
[White "Radu, Elena-Luminita"]
[Black "Zimmersmann, Rita"]
[Result "1/2-1/2"]
[WhiteElo "2230"]
[BlackElo "2255"]
[EventDate "1993.03.20"]
[PlyCount "40"]

1.e4 c5 2.Nc3 Nc6 3.g3 g6 4.d3 Bg7 5.Be3 d6 6.Bg2 e6 7.Qd2 Rb8 8.f4 Nge7 
9.Nf3 Nd4 10.O-O O-O 11.Nh4 b5 12.Nd1 b4 13.Bf2 f5 14.Ne3 Bb7 15.Rfe1 fxe4
16.dxe4 e5 17.c3 bxc3 18.bxc3 exf4 19.cxd4 fxe3 20.Bxe3 Nc6 1/2-1/2

[Event "Zonal 1.4 (w) prel B"]
[Site "Timisoara ROM"]
[Date "1993.03.??"]
[Round "3"]
[White "Csoke, Adrienn"]
[Black "Baciu-Ionescu, Anca-Otilia"]
[Result "1-0"]
[WhiteElo "2210"]
[BlackElo "2160"]
[EventDate "1993.03.20"]
[PlyCount "47"]

1.e4 c5 2.Nf3 e6 3.d4 cxd4 4.Nxd4 Nf6 5.Bd3 a6 6.Qe2 d6 7.f4 e5 8.Nb3 Nc6 
9.Nc3 Be6 10.O-O Be7 11.f5 Bxb3 12.axb3 d5 13.exd5 Nxd5 14.Nxd5 Qxd5 15.
Be4 Qd6 16.Qh5 O-O 17.Be3 Bf6 18.Rad1 Qe7 19.g4 h6 20.h4 Bxh4 21.Bxh6 gxh6
22.Qg6+ Kh8 23.Qxh6+ Kg8 24.f6 1-0

[Event "Zonal 1.4 (w) prel B"]
[Site "Timisoara ROM"]
[Date "1993.03.??"]
[Round "3"]
[White "Kubikova, Hana"]
[Black "Bobrowska, Monika"]
[Result "1-0"]
[WhiteElo "2290"]
[BlackElo "2210"]
[EventDate "1993.03.20"]
[PlyCount "95"]

1.d4 Nf6 2.Nf3 g6 3.g3 Bg7 4.Bg2 d6 5.O-O O-O 6.c4 c6 7.Nc3 Bf5 8.Nh4 Be6 
9.d5 cxd5 10.cxd5 Bd7 11.Be3 b5 12.Bd4 b4 13.Na4 Qa5 14.b3 Bxa4 15.bxa4 
Nbd7 16.Rb1 Rab8 17.e4 Nb6 18.Bxb6 Rxb6 19.Re1 Nd7 20.Bf1 a6 21.Ng2 Bc3 
22.Re2 Rbb8 23.Ne3 Nb6 24.Rc2 Nxa4 25.Nc4 Qc7 26.Rcc1 Nc5 27.Qe2 Bg7 28.f4
Qa7 29.Kh1 Na4 30.Rb3 Nc3 31.Qg2 a5 32.a3 Rfc8 33.e5 Qd4 34.Nxa5 Qxd5 35.
axb4 Qxg2+ 36.Bxg2 Nb5 37.Nc6 Rxc6 38.Bxc6 Nd4 39.Rbb1 Nxc6 40.Rxc6 dxe5 
41.b5 exf4 42.gxf4 e5 43.fxe5 Bxe5 44.b6 Kf8 45.b7 Ke7 46.Rc8 Kd7 47.Rd1+ 
Ke7 48.Rxb8 1-0

[Event "Zonal 1.4 (w) prel B"]
[Site "Timisoara ROM"]
[Date "1993.03.??"]
[Round "3"]
[White "Nutu-Gajic, Daniela"]
[Black "Voiska, Margarita"]
[Result "0-1"]
[WhiteElo "2355"]
[BlackElo "2305"]
[EventDate "1993.03.20"]
[PlyCount "74"]

1.d4 e6 2.c4 f5 3.d5 d6 4.dxe6 Bxe6 5.Nc3 Nc6 6.e3 Nf6 7.Nd5 g6 8.Be2 Bg7 
9.h4 Ne7 10.Nf4 Bf7 11.Nf3 h6 12.Qc2 Qd7 13.b3 Ne4 14.Bb2 Bxb2 15.Qxb2 
O-O-O 16.Bd3 Nc6 17.O-O-O Qe8 18.Bb1 Rg8 19.Nd5 Bxd5 20.Rxd5 Nb4 21.Rdd1 
a6 22.Nd4 c5 23.Nf3 Qe6 24.a3 Nc6 25.Rd3 b5 26.cxb5 axb5 27.Rhd1 b4 28.
axb4 Nxb4 29.Qa3 Kb7 30.Nd4 Qd7 31.R3d2 Nxd2 32.Rxd2 Ra8 33.Qb2 cxd4 34.
Qxd4 Qc6+ 35.Kd1 Qc5 36.Qf6 Rgc8 37.Rxd6 Qxd6+ 0-1

[Event "Zonal 1.4 (w) prel B"]
[Site "Timisoara ROM"]
[Date "1993.03.??"]
[Round "4"]
[White "Zimmersmann, Rita"]
[Black "Csoke, Adrienn"]
[Result "1/2-1/2"]
[WhiteElo "2255"]
[BlackElo "2210"]
[EventDate "1993.03.20"]
[PlyCount "44"]

1.e4 c5 2.Nf3 b6 3.d4 cxd4 4.Nxd4 Bb7 5.Bd3 d6 6.O-O Nf6 7.f3 e6 8.c4 Be7 
9.Nc3 Nbd7 10.Be3 a6 11.Rc1 Rc8 12.Be2 Qc7 13.b4 Qb8 14.Nb3 O-O 15.Qd4 Qa8
16.Na4 Rc6 17.Rfd1 Re8 18.Rd2 Qb8 19.Rcd1 Rec8 20.Bf2 d5 21.exd5 Bxb4 22.
dxe6 Rxe6 1/2-1/2

[Event "Zonal 1.4 (w) prel B"]
[Site "Timisoara ROM"]
[Date "1993.03.??"]
[Round "4"]
[White "Kubikova, Hana"]
[Black "Nutu-Gajic, Daniela"]
[Result "1-0"]
[WhiteElo "2290"]
[BlackElo "2355"]
[EventDate "1993.03.20"]
[PlyCount "63"]

1.e4 c5 2.Nf3 d6 3.c3 Nf6 4.Bd3 g6 5.O-O Bg7 6.h3 O-O 7.Bc2 Nc6 8.d4 cxd4 
9.cxd4 Qb6 10.Nc3 e5 11.dxe5 dxe5 12.Bb3 Nd4 13.Be3 Nxf3+ 14.Qxf3 Qa6 15.
Rfd1 Be6 16.Bc5 Rfd8 17.Nd5 Ne8 18.Rac1 Bxd5 19.Bxd5 Nf6 20.Be7 Rdc8 21.
Bxf6 Qxf6 22.Qg4 Rxc1 23.Rxc1 Qe7 24.Qf3 Bh6 25.Rc4 Rd8 26.Qc3 Rd7 27.Rc8+
Bf8 28.a4 Qf6 29.Re8 Kg7 30.Qc8 Rxd5 31.exd5 Qd6 32.Qb8 1-0

[Event "Zonal 1.4 (w) prel B"]
[Site "Timisoara ROM"]
[Date "1993.03.??"]
[Round "4"]
[White "Bobrowska, Monika"]
[Black "Veroci, Zsuzsa"]
[Result "1/2-1/2"]
[WhiteElo "2210"]
[BlackElo "2325"]
[EventDate "1993.03.20"]
[PlyCount "46"]

1.c4 g6 2.Nc3 Bg7 3.g3 Nf6 4.Bg2 d6 5.Nf3 O-O 6.O-O Nc6 7.d3 e5 8.Rb1 a5 
9.Ne1 Be6 10.Nc2 d5 11.cxd5 Nxd5 12.Ne3 Nce7 13.Nexd5 Nxd5 14.Bd2 b6 15.
Qa4 Rc8 16.Rfc1 c5 17.a3 h6 18.Nxd5 Bxd5 19.Bxd5 Qxd5 20.Qb5 Qd6 21.b4 
axb4 22.axb4 Rfd8 23.Be3 Bf8 1/2-1/2

[Event "Zonal 1.4 (w) prel B"]
[Site "Timisoara ROM"]
[Date "1993.03.??"]
[Round "4"]
[White "Voiska, Margarita"]
[Black "Radu, Elena-Luminita"]
[Result "1/2-1/2"]
[WhiteElo "2305"]
[BlackElo "2230"]
[EventDate "1993.03.20"]
[PlyCount "31"]

1.Nf3 Nc6 2.c4 e5 3.Nc3 Nf6 4.g3 d5 5.cxd5 Nxd5 6.d3 Be7 7.Bg2 Nb6 8.O-O 
O-O 9.a3 Re8 10.b4 Bf8 11.Ng5 Nd4 12.Rb1 a5 13.Nge4 axb4 14.axb4 c6 15.Nc5
Nd5 16.Nxd5 1/2-1/2

[Event "Zonal 1.4 (w) prel B"]
[Site "Timisoara ROM"]
[Date "1993.03.??"]
[Round "5"]
[White "Radu, Elena-Luminita"]
[Black "Kubikova, Hana"]
[Result "1-0"]
[WhiteElo "2230"]
[BlackElo "2290"]
[EventDate "1993.03.20"]
[PlyCount "169"]

1.e4 c5 2.Nc3 Nc6 3.f4 g6 4.Nf3 Bg7 5.Bc4 e6 6.e5 d6 7.exd6 Nf6 8.d3 Qxd6 
9.Be3 O-O 10.Ne4 Nxe4 11.dxe4 Qxd1+ 12.Rxd1 Bxb2 13.Bxc5 Rd8 14.Rxd8+ Nxd8
15.e5 b6 16.Bd6 Bb7 17.Ke2 Rc8 18.Kd3 Nc6 19.Rb1 Na5 20.Bb5 Bc3 21.Ng1 f5 
22.Bd7 Ba6+ 23.Ke3 Nc4+ 24.Kf2 Bd4+ 25.Kg3 Nxd6 26.exd6 Rc3+ 27.Nf3 e5 28.
Rb3 exf4+ 29.Kxf4 Be3+ 30.Ke5 Rc5+ 31.Kf6 Bh6 32.Be6+ Kf8 33.c4 f4 34.Bd5 
Bc8 35.Rb5 Bd7 36.Rxc5 bxc5 37.h4 Bg7+ 38.Kg5 Bb2 39.Kxf4 Bc1+ 40.Ke5 Bb2+
41.Kf4 Bc1+ 42.Kg3 Bb2 43.Ng5 Be5+ 44.Kf3 Bxd6 45.Nxh7+ Kg7 46.Ng5 Bf5 47.
Be4 Bd7 48.g4 Ba4 49.Ke2 Bd7 50.Bf3 Be7 51.Ke3 Kf6 52.Ne4+ Ke5 53.g5 Be6 
54.Nd2 Kf5 55.Be2 Bd6 56.Ne4 Be7 57.Nf2 Ke5 58.Bd3 Bf7 59.Ng4+ Kd6 60.Kf4 
Ke6 61.Be4 Bd6+ 62.Kf3 Ke7 63.Ne3 Be5 64.Bd3 Kf8 65.Be4 Kg7 66.Bd5 Be8 67.
Ng2 Bd7 68.Nf4 Bd6 69.Be4 Be8 70.Ne6+ Kf7 71.Nd8+ Kg7 72.Nb7 Be7 73.Kf4 
Bd7 74.Ke5 Bc8 75.Nd6 Bg4 76.Kd5 Be2 77.Nb7 Kf7 78.Nxc5 Bg4 79.Kc6 Bd1 80.
Nd3 Ba4+ 81.Kd5 Kg7 82.Ne5 Be8 83.c5 a5 84.c6 Bd8 85.Kd6 1-0

[Event "Zonal 1.4 (w) prel B"]
[Site "Timisoara ROM"]
[Date "1993.03.??"]
[Round "5"]
[White "Nutu-Gajic, Daniela"]
[Black "Bobrowska, Monika"]
[Result "1-0"]
[WhiteElo "2355"]
[BlackElo "2210"]
[EventDate "1993.03.20"]
[PlyCount "35"]

1.d4 Nf6 2.c4 g6 3.Nc3 Bg7 4.e4 d6 5.Bd3 O-O 6.Nge2 Nc6 7.O-O e5 8.d5 Nd4 
9.Nxd4 exd4 10.Nb5 Re8 11.Re1 a6 12.Nxd4 Nxd5 13.cxd5 Bxd4 14.Qc2 Qf6 15.
Be3 Bxb2 16.Rab1 Bc3 17.Rec1 Bd4 18.Qa4 1-0

[Event "Zonal 1.4 (w) prel B"]
[Site "Timisoara ROM"]
[Date "1993.03.??"]
[Round "5"]
[White "Veroci, Zsuzsa"]
[Black "Baciu-Ionescu, Anca-Otilia"]
[Result "1-0"]
[WhiteElo "2325"]
[BlackElo "2160"]
[EventDate "1993.03.20"]
[PlyCount "57"]

1.e4 c5 2.Nf3 e6 3.d4 cxd4 4.Nxd4 Nf6 5.Nc3 d6 6.g4 Nc6 7.g5 Nd7 8.Be3 a6 
9.Rg1 Be7 10.Qh5 O-O 11.O-O-O Re8 12.Rg3 Nxd4 13.Bxd4 b5 14.Bd3 b4 15.Na4 
Rb8 16.f4 e5 17.Bc4 exd4 18.g6 Nf6 19.gxf7+ Kh8 20.fxe8=Q+ Qxe8 21.Qxe8+ 
Nxe8 22.Rxd4 Bd7 23.Bb3 Bc6 24.Rd1 Bd7 25.Rd4 Bc6 26.e5 dxe5 27.fxe5 a5 
28.h4 h6 29.Rg6 1-0

[Event "Zonal 1.4 (w) prel B"]
[Site "Timisoara ROM"]
[Date "1993.03.??"]
[Round "6"]
[White "Zimmersmann, Rita"]
[Black "Veroci, Zsuzsa"]
[Result "1/2-1/2"]
[WhiteElo "2255"]
[BlackElo "2325"]
[EventDate "1993.03.20"]
[PlyCount "30"]

1.e4 e5 2.Nf3 Nc6 3.Nc3 Nf6 4.Bb5 Bb4 5.O-O O-O 6.d3 d6 7.Bg5 Bxc3 8.bxc3 
Bd7 9.Re1 a6 10.Bc4 Na5 11.Bb3 h6 12.Bh4 Qe7 13.d4 Rad8 14.Qd3 Nxb3 15.
axb3 Bc6 1/2-1/2